LEADER 01288nam0-22004211i-450- 001 990005541700203316 005 20060310120000.0 035 $a000554170 035 $aUSA01000554170 035 $a(ALEPH)000554170USA01 035 $a000554170 100 $a20051129d2004-------|0enac50------ba 101 $aeng 102 $aGB 105 $a|||| ||||| 200 1 $aNonparametric and semiparametric models$fW.Härdle ... [et al.] 210 $aBerlin$aLondon$cSpringer$d2004 215 $axxvii, 299 p.$cill.$d24 cm. 225 2$aSpringer series in statistics 410 1$12001$aSpringer series in statistics 606 $aStatistica nonparametrica$2FI 620 $dNew York 620 $dBerlin 676 $a519.54$cInferenza statistica$v21 702 1$aHARDLE,$bWolfgang 712 $aSpringer 801 $aIT$bSOL$c20120104 912 $a990005541700203316 950 $aDIP.TO SCIENZE ECONOMICHE - (SA)$dDS 500 519.54 HAR$e12674 DISES 951 $aDIP.TO SCIENZE ECONOMICHE - (SA)$bDS2005 1F 20051129 951 $a500 519.54 HAR$b12674 DISES 959 $aBK 969 $aDISES 979 $c20121027$lUSA01$h1533 979 $c20121027$lUSA01$h1613 996 $aNonparametric and semiparametric models$9258202 997 $aUNISA NUM $aUSA16539 LEADER 01885nam 2200541 450 001 9910821019103321 005 20230808195651.0 035 $a(CKB)3710000000884438 035 $a(MiAaPQ)EBC4709172 035 $a(DLC) 2016039492 035 $a(EXLCZ)993710000000884438 100 $a20161018h20162016 uy 0 101 0 $aeng 135 $aurcnu|||||||| 181 $2rdacontent 182 $2rdamedia 183 $2rdacarrier 200 00$aCross-linguistic transfer in reading in multilingual contexts /$fedited by Elena Zaretsky, Mila Schwartz 210 1$aAmsterdam, [Netherlands] ;$aPhiladelphia, [Pennsylvania] :$cJohn Benjamins Publishing Company,$d2016. 210 4$d©2016 215 $a1 online resource (195 pages) $cillustrations 225 1 $aBenjamins Current Topics ;$v89 311 $a90-272-4277-1 311 $a90-272-6651-4 320 $aIncludes bibliographical references at the end of each chapters and index. 410 0$aBenjamins current topics ;$v89. 606 $aLanguage transfer (Language learning) 606 $aReading comprehension 606 $aMultilingualism in children 606 $aInterlanguage (Language learning) 606 $aLanguage and languages$xAge differences 606 $aSecond language acquisition 615 0$aLanguage transfer (Language learning) 615 0$aReading comprehension. 615 0$aMultilingualism in children. 615 0$aInterlanguage (Language learning) 615 0$aLanguage and languages$xAge differences. 615 0$aSecond language acquisition. 676 $a404/.2083 702 $aZaretsky$b Elena 702 $aSchwartz$b Mila 801 0$bMiAaPQ 801 1$bMiAaPQ 801 2$bMiAaPQ 906 $aBOOK 912 $a9910821019103321 996 $aCross-linguistic transfer in reading in multilingual contexts$94074072 997 $aUNINA